| 000 | 00493nam a2200181Ia 4500 | ||
|---|---|---|---|
| 003 | GCL | ||
| 008 | 140319s9999 xx 000 0 ara d | ||
| 040 |
_aGCL / _cGCL |
||
| 082 | 0 | 4 |
_a398.2 _bع د |
| 100 | 1 | _aعبدالحميد يونس | |
| 245 | 1 | 0 |
_aدفاع عن الفولكلور / _cعبدالحميد يونس |
| 300 | _a268 ص | ||
| 490 | _a | ||
| 650 | 0 | 4 | _aالفولكلور |
| 650 | 0 | 4 | _aالادب الشعبى |
| 650 | 0 | 4 | _aالفولكلور الشعبى |
| 942 |
_2ddc _cBK |
||
| 999 |
_c40088 _d40088 |
||